00351nam a2200145Ia 450000500170000000800410001702000180005804100080007608200110008410000150009524500430011026000320015330000080018565000120019320250904152824.0220524s9999 xx 000 0 und d a9789354513510 aeng a891.46 aGokhale A. aAarogyam Dhansampada : Holistic Health bNirali Prakashan-Punec2021 a304 aMarathi